| 000 | 00501nam a22001697a 4500 | ||
|---|---|---|---|
| 005 | 20260513165622.0 | ||
| 008 | 260513b |||||||| |||| 00| 0 eng d | ||
| 020 | _a9783031293979 | ||
| 041 | _aEng | ||
| 082 | _a330.1 THO | ||
| 100 | _aThomson, William | ||
| 245 | _aThe Axiomatics of Economic Design, Vol. 1: An Introduction to Theory and Methods | ||
| 260 |
_aSwitzerland _bSpringer _c2023 |
||
| 300 | _a313;. P. 23 cm | ||
| 650 | _aEconomics--Methodology; Axiomatic set theory | ||
| 942 | _cBK | ||
| 999 |
_c46573 _d46573 |
||